000 00481nam a2200193Ia 4500
005 20250326144221.0
008 250326s9999 xx 000 0 und d
037 _aTextbook
040 _aFMSL
_beng
_cFMSL
041 _aeng
_2eng
084 _qFMSL
100 _aRAGHUVIRA
245 0 _aComprehensive english hindhi dictonary
_cRAGHUVIRA
250 _a6
260 _aNew Delhi
_bNew Delhi, A I C
_c1966
300 _a1572p
942 _cTB
999 _c1302839
_d1302839